LEADER 04712 am 2201033 n 450 001 9910416516203321 005 20190429 010 $a2-37546-095-2 010 $a2-37546-056-1 024 7 $a10.4000/books.pressesenssib.7787 035 $a(CKB)4100000004907669 035 $z(PPN)236711253 035 $a(FrMaCLE)OB-pressesenssib-7787 035 $a(oapen)https://directory.doabooks.org/handle/20.500.12854/44978 035 $a(PPN)26794697X 035 $a(EXLCZ)994100000004907669 100 $a20190521j|||||||| ||| 0 101 0 $afre 135 $auu||||||m|||| 181 $ctxt$2rdacontent 182 $cc$2rdamedia 183 $acr$2rdacarrier 200 10$aDévelopper l?accueil en bibliothèque $eUn projet d'équipe /$fHéloïse Courty 210 $aVilleurbanne $cPresses de l?enssib$d2019 215 $a1 online resource (192 p.) 311 $a2-37546-055-3 330 $aAccueillir n?est pas inné?: cela s?apprend, s?organise et se manage. Notion pivot des bibliothèques, la fonction accueil est souvent réduite aux transactions de documents ou fondue dans le terme de médiation. L?ambition de ce volume est de renouveler l?approche de l?accueil en proposant un projet de professionnalisation de l?accueil, porté collectivement, au service des publics. Conseils, démarche utilisateur, certification, intelligence collective, hospitalité, usure... comment impulser une dynamique d?accueil au sein des équipes?? Comment développer les compétences relationnelles des bibliothécaires?? Comment accompagner les équipes dans des missions où les compétences techniques passent désormais au second plan?? À travers les récits de nombreuses initiatives, au sein de bibliothèques universitaires comme de la lecture publique, cet ouvrage explore les multiples moyens d?investir l?accueil de façon constructive. Il plaide en faveur d?une «?symétrie des attentions?» : professionnaliser l?accueil a autant de répercussions positives sur le bibliothécaire qu?il en présente pour l?utilisateur du service. Coordonné par Héloïse Courty, conservatrice des bibliothèques, consultante et formatrice spécialisée dans la qualité d?accueil, ce volume réunit une quinzaine d?auteur·e·s, dont une chercheuse, un cadre de l?Assurance maladie, une cadre pédagogique, une psycho-sociologue du travail, un ancien libraire, un consultant, des bibliothécaires, qui partagent leur expérience de terrain et leurs conseils méthodologiques. 517 $aDévelopper l'accueil en bibliothèque 517 $aDEVELOPPER L'ACCUEIL EN BIBLIOTHEQUE. UN PROJET D'EQUIPE 606 $aInformation Science & Library Science 606 $aManagement 606 $aaccueil 606 $aautomatisation 606 $abénévole 606 $abibliothèque 606 $adesign participatif 606 $aformation continue 606 $agenre 606 $ahospitalité 606 $aparticipation 606 $aqualité 606 $azonage 610 $aparticipation 610 $aaccueil 610 $aautomatisation 610 $adesign participatif 610 $aformation continue 610 $abibliothèque 610 $agenre 610 $ahospitalité 610 $azonage 610 $abénévole 610 $aqualité 615 4$aInformation Science & Library Science 615 4$aManagement 615 4$aaccueil 615 4$aautomatisation 615 4$abénévole 615 4$abibliothèque 615 4$adesign participatif 615 4$aformation continue 615 4$agenre 615 4$ahospitalité 615 4$aparticipation 615 4$aqualité 615 4$azonage 700 $aBastelica$b Cédric$01300333 701 $aBay$b Barbara$01300334 701 $aBrelet$b Pivoine$01300335 701 $aCauderlier$b Catherine$01300336 701 $aClot$b Nathalie$01300337 701 $aCollet$b Anne-Christine$01300338 701 $aCourty$b Héloïse$01299938 701 $aDayre$b Jérôme$01300339 701 $aGrossières$b Émilie$01300340 701 $aLambert$b Bertille$01300341 701 $aLaurent$b Julie$01300342 701 $aMirabail$b Lola$01300343 701 $aMouchard$b Martin$01300344 701 $aPietri$b Marina$01300345 701 $aSonnier$b Corinne$01284668 701 $aSzczepa?ski$b Maxime$01300346 701 $aTonon$b Stéphane$01300347 701 $aCourty$b Héloïse$01299938 801 0$bFR-FrMaCLE 906 $aBOOK 912 $a9910416516203321 996 $aDévelopper l?accueil en bibliothèque$93025516 997 $aUNINA LEADER 03176nam 2200697Ia 450 001 9910792302103321 005 20230725023547.0 010 $a1-282-71608-5 010 $a9786612716089 010 $a3-11-022498-4 024 7 $a10.1515/9783110224986 035 $a(CKB)2670000000028335 035 $a(EBL)533664 035 $a(OCoLC)646069089 035 $a(SSID)ssj0000415827 035 $a(PQKBManifestationID)11283533 035 $a(PQKBTitleCode)TC0000415827 035 $a(PQKBWorkID)10419360 035 $a(PQKB)11308268 035 $a(MiAaPQ)EBC533664 035 $a(DE-B1597)38219 035 $a(OCoLC)853257859 035 $a(DE-B1597)9783110224986 035 $a(Au-PeEL)EBL533664 035 $a(CaPaEBR)ebr10386021 035 $a(CaONFJC)MIL271608 035 $a(EXLCZ)992670000000028335 100 $a20100125d2010 uy 0 101 0 $aeng 135 $aur||||||||||| 181 $ctxt 182 $cc 183 $acr 200 10$aDiagnostic hysteroscopy$b[electronic resource] $ea practical guide /$fThomas Roemer 205 $a2nd ed. 210 $aBerlin $cDe Gruyter$dc2010 215 $a1 online resource (160 p.) 225 1 $aPocket guides for gynaecologists 300 $aDescription based upon print version of record. 311 $a3-11-022497-6 327 $tFrontmatter -- $tContents -- $t1. Introduction -- $t2. History -- $t3. Indications for diagnostic hysteroscopy -- $t4. Instrumentation and distending medium -- $t5. Examination procedure and techniques -- $t6. Distinctive features of hysteroscopy in the gynaecologist's practice -- $t7. Hysteroscopy in the diagnostics of sterility and infertility -- $t8. Hysteroscopy with bleeding disorders -- $t9. Hysteroscopy with sonographically suspect endometrial findings -- $t10. Hysteroscopy and lost IUD/IUS -- $t11. Special cases -- $t12. Complications -- $t13. Summary -- $tBackmatter 330 $aThe diagnostic investigation of menstrual dysfunction and sterility is a routine part of gynaecological practice. Hysteroscopy can expand the spectrum of diagnostic possibilities. The 2nd revised edition of this handbook aims to familiarise the gynaecologist with diagnostical hysteroscopy. About 100 colour plates facilitate the acquisition of this technique as well as the correct assessment of findings. The book is conceived for newcomers to hysteroscopy and should contribute to the further establishment of this method. 2nd revised edition 90 case studies of gynaecological practice 410 0$aPocket guides for gynaecologists. 606 $aHysteroscopy$vHandbooks, manuals, etc 606 $aUterus$xExamination$vHandbooks, manuals, etc 610 $aDiagnostics. 610 $aDiseases of the Uterus. 610 $aGynecology. 610 $aHysteroscopy. 610 $aMenstrual Disfunctions. 615 0$aHysteroscopy 615 0$aUterus$xExamination 676 $a618.1/407545 700 $aRo?mer$b T$g(Thomas)$01028438 801 0$bMiAaPQ 801 1$bMiAaPQ 801 2$bMiAaPQ 906 $aBOOK 912 $a9910792302103321 996 $aDiagnostic hysteroscopy$93786166 997 $aUNINA